Las distancias del cine
Guardat en:
| Autor principal: | |
|---|---|
| Format: | Llibre |
| Idioma: | espanyol |
| Publicat: |
Pontevedra
Ellago Ediciones
2012
|
| Matèries: | |
| Etiquetes: |
Afegir etiqueta
Sense etiquetes, Sigues el primer a etiquetar aquest registre!
|
MARC
| LEADER | 00000cam a2200000 a 4500 | ||
|---|---|---|---|
| 001 | UCF6586 | ||
| 003 | CL-VaPUC | ||
| 008 | 130509e20120400SP |||||||||||||||||spa|d | ||
| 020 | |a 9788492965243 | ||
| 082 | 0 | 4 | |a 791.4309 |b RAN |2 21 |
| 100 | |a Rancière, Jacques, |d 1940- |e author |9 557220 | ||
| 245 | 1 | 4 | |a Las distancias del cine |
| 300 | |a 174 p | ||
| 942 | |c BK | ||
| 945 | |d 20130509 00:00:00 |a dcastane | ||
| 260 | |a Pontevedra |b Ellago Ediciones |c 2012 | ||
| 650 | 0 | |a Cinematografía |9 265198 | |
| 650 | 0 | |a Crítica e interpretación |9 255042 | |
| 650 | 0 | |a Filosofía del arte |9 264951 | |
| 583 | |a last modification |c 20130509 12:56:00 |k Rodrigo Vera | ||
| 999 | |c 351728 |d 351726 | ||
| 952 | |0 0 |1 0 |4 0 |6 791_430900000000000_RAN_2012 |7 0 |8 A |9 456028 |a BIBHIS |b BIBHIS |d 2019-11-22 |i 4969936 |l 1 |o 791.4309 RAN 2012 |p 4969936 |r 2025-01-20 |s 2024-05-27 |w 2019-11-22 |y BK |k HIS | ||